Digital and analog communication systems (Record no. 11600)

000 -LEADER
fixed length control field 00994cam a22003014a 4500
001 - CONTROL NUMBER
control field 16987006
005 - DATE AND TIME OF LATEST TRANSACTION
control field 20170105102344.0
008 - FIXED-LENGTH DATA ELEMENTS--GENERAL INFORMATION
fixed length control field 111003s2013 njua b 001 0 eng
010 ## - LIBRARY OF CONGRESS CONTROL NUMBER
LC control number 2011038659
020 ## - INTERNATIONAL STANDARD BOOK NUMBER
International Standard Book Number 9780132915380 (alk. paper)
020 ## - INTERNATIONAL STANDARD BOOK NUMBER
International Standard Book Number 0132915383 (alk. paper)
035 ## - SYSTEM CONTROL NUMBER
System control number (OCoLC)ocn755904467
040 ## - CATALOGING SOURCE
Original cataloging agency DLC
Transcribing agency DLC
Modifying agency YDX
-- YDXCP
-- DLC
042 ## - AUTHENTICATION CODE
Authentication code pcc
050 00 - LIBRARY OF CONGRESS CALL NUMBER
Classification number TK5101
Item number .C69 2013
082 00 - DEWEY DECIMAL CLASSIFICATION NUMBER
Classification number 621.382
Edition number 23
100 1# - MAIN ENTRY--PERSONAL NAME
Personal name Couch, Leon W.
245 10 - TITLE STATEMENT
Title Digital and analog communication systems
Statement of responsibility, etc. Leon W. Couch,
250 ## - EDITION STATEMENT
Edition statement 8th ed.
260 ## - PUBLICATION, DISTRIBUTION, ETC.
Place of publication, distribution, etc. Upper Saddle River, N.J. :
Name of publisher, distributor, etc. Pearson,
Date of publication, distribution, etc. c2013.
300 ## - PHYSICAL DESCRIPTION
Extent xxi, 762 p. :
Other physical details ill. ;
Dimensions 24 cm.
504 ## - BIBLIOGRAPHY, ETC. NOTE
Bibliography, etc. note Includes bibliographical references and index.
650 #0 - SUBJECT ADDED ENTRY--TOPICAL TERM
Topical term or geographic name entry element Telecommunication systems.
650 #0 - SUBJECT ADDED ENTRY--TOPICAL TERM
Topical term or geographic name entry element Digital communications.
906 ## - LOCAL DATA ELEMENT F, LDF (RLIN)
a 7
b cbc
c orignew
d 1
e ecip
f 20
g y-gencatlg
942 ## - ADDED ENTRY ELEMENTS (KOHA)
Source of classification or shelving scheme
Koha item type Book
Holdings
Withdrawn status Lost status Damaged status Not for loan Collection code Permanent Location Current Location Shelving location Date acquired Source of acquisition Cost, normal purchase price Total Checkouts Full call number Barcode Date last seen Date last checked out Price effective from Koha item type Total Renewals
          Central Library (CL) Central Library (CL) General Stacks 02/27/2013 Progressive International Agencies 14324.23 1 621.382 COU SEECS012015 03/10/2025 09/05/2015 03/04/2013 Book  
          Central Library (CL) Central Library (CL) General Stacks 02/27/2013 Progressive International Agencies 14324.23   621.382 COU SEECS012016 03/04/2013   03/04/2013 Book  
          Central Library (CL) Central Library (CL) General Stacks 02/27/2013 Progressive International Agencies 14324.23   621.382 COU SEECS012017 03/04/2013   03/04/2013 Book  
          Central Library (CL) Central Library (CL) General Stacks 02/27/2013 Progressive International Agencies 14324.23 1 621.382 COU SEECS012018 08/09/2023 09/05/2015 03/04/2013 Book 1
          Central Library (CL) Central Library (CL) General Stacks 02/27/2013 Progressive International Agencies 14324.23 1 621.382 COU SEECS012019 02/08/2015 12/28/2014 03/04/2013 Book  
© 2023 Central Library, National University of Sciences and Technology. All Rights Reserved.